EGAN'S FUNDAMENTALS OF RESPIRATORY CARE (Record no. 22007)

MARC details
000 -LEADER
fixed length control field 00370nam a22001577a 4500
003 - CONTROL NUMBER IDENTIFIER
control field SGT
020 ## - INTERNATIONAL STANDARD BOOK NUMBER
International Standard Book Number 97803238114657
082 ## - DEWEY DECIMAL CLASSIFICATION NUMBER
Classification number 616.2
Item number E21K
100 ## - MAIN ENTRY--PERSONAL NAME
Personal name KACMAREC, ROBERT M.
245 ## - TITLE STATEMENT
Title EGAN'S FUNDAMENTALS OF RESPIRATORY CARE
250 ## - EDITION STATEMENT
Edition statement 12TH
260 ## - PUBLICATION, DISTRIBUTION, ETC. (IMPRINT)
Place of publication, distribution, etc MISSOURI
Name of publisher, distributor, etc ELSEVIER PUB
Year of Publication 2021
300 ## - PAGE DESCRIPTION
No. of Pages 1376
650 ## - SUBJECT ADDED ENTRY--TOPICAL TERM
Topical term or geographic name as entry element RESPIRATORY CARE
942 ## - ADDED ENTRY ELEMENTS (KOHA)
Source of classification or shelving scheme Dewey Decimal Classification
Koha item type Books
942 ## - ADDED ENTRY ELEMENTS (KOHA)
-- 2
Holdings
Withdrawn status Lost status Source of classification or shelving scheme Damaged status Not for loan Collection code Home library Current library Shelving location Date acquired Vendor Name Volume Information (Serial or Books or Non-Book Material) SGTU Bill Number Total Checkouts Full call number Accession No. (Barcode) Date last seen Bill Date Koha item type Date last borrowed
    Dewey Decimal Classification   Not For Loan MEDICAL SGT Medical Library SGT Medical Library Reference Book 06/11/2021 ABC DELHI D-149.99 SGTU 13417   616.2 E21K FM12651 06/11/2021   Books  
    Dewey Decimal Classification   Not For Loan MEDICAL SGT Medical Library SGT Medical Library Reference Book 06/11/2021 ABC DELHI D-149.99 SGTU 13417   616.2 E21K FM12652 06/11/2021   Books  
    Dewey Decimal Classification   Not For Loan MEDICAL SGT Medical Library SGT Medical Library Reference Book 06/11/2021 ABC DELHI D-149.99 SGTU 13417 1 616.2 E21K FM12653 21/09/2024   Books 09/07/2024
    Dewey Decimal Classification   Not For Loan MEDICAL SGT Medical Library SGT Medical Library Reference Book 06/11/2021 ABC DELHI D-149.99 SGTU 13417   616.2 E21K FM12654 06/11/2021   Books  
    Dewey Decimal Classification   Not For Loan MEDICAL SGT Medical Library SGT Medical Library Reference Book 06/11/2021 ABC DELHI D-149.99 SGTU 13417 1 616.2 E21K FM12655 29/07/2022   Books 27/05/2022